Quiz guess the logo *extra extra extra hard edition* - Statistics

General Stats
  • This quiz has been taken 42 times
  • The average score is 9 of 16
Answer Stats
Picture Answer % Correct
play station
76%
monster
74%
shell
74%
apple
71%
nescafe
68%
trip advisor
62%
evian
59%
seven eleven
56%
yamaha
56%
crispy kreme
53%
discord
53%
adobe
50%
unilever
44%
chipotle
41%
sephora
38%
tobaso
6%
No matching quizzes found
Score Distribution
Percent of People with Each Score
Percentile by Number Answered
Your Score History
You have not taken this quiz